000 00210 a2200097 4500
020 _a9788481940305
041 _aspa
100 _aSantillana
245 _aConociminetos del medio Espaą y Europa
942 _cBK
999 _c15825
_d15825